000
00214nam a22001217a 4500
040
_c
SY
082
_a
027
100
_a
NA
245
_a
Project document
260
_a
RUA
_b
NA
_c
2002
300
_a
63p.
942
_c
EK
999
_c
9731
_d
9731